Trade or Aid ? official export credit agencies and the economic development of Eastern Europe and the Soviet Union

Bibliographic Details
Main Author: Bond, Daniel L. (Author)
Format: Book
Language:English
PhysicalDescription:46 s. grafy, pozn., tab. 23 cm
Published: New York Boulder Institute for East-West Security Studies Westview Press [distr.] 1991
ISBN:0813384206
0913449282
Series:Public Policy Paper
Subjects:

MARC

LEADER 00000nam a2200000 a 4500
001 vtls001176777
003 SK-MaSNL
005 20260425221921.0
008 251113s1991 US 0 eng
015 |a ZS1995/0000119 
020 |a 0813384206 
020 |a 0913449282 
035 |a SNK000119774 
040 |a SNK  |b slo  |c SNK  |e AACR2 
041 0 |a eng 
044 |a US 
080 |a 338.2(4-11):339.9"1945/-"=20  |2 1981 
080 |a 339.9"1945/-"  |2 1981 
100 1 |a Bond, Daniel L.  |4 aut  |9 282608 
245 1 |a Trade or Aid ?  |b official export credit agencies and the economic development of Eastern Europe and the Soviet Union  |c Daniel L. Bond 
260 |a New York  |b Institute for East-West Security Studies  |a Boulder  |b Westview Press [distr.]  |c 1991 
300 |a 46 s.  |b grafy, pozn., tab.  |c 23 cm 
490 1 |a Public Policy Paper  |v 4 
650 0 7 |a medzinárodné hospodárske vzťahy  |2 SNKPH  |9 2311 
651 7 |a Európa stredná  |2 SNKPHgeo  |9 23970 
651 7 |a Európa východná  |2 SNKPHgeo  |9 167635 
830 0 |a Public Policy Paper  |9 282609 
919 |a 0-8133-8420-6 
919 |a 0-913449-28-2 
958 |a APR 
958 |a ZS 
958 |a TL 
999 |c 537620  |d 539550 
952 |t P60, <03>, [BOOK], {603}  |a SNK  |b SNK  |y PREZ  |7 0  |p 17A0233476  |o snkSC 88156  |0 0  |1 0  |4 0  |d 2000-04-11  |l 0  |r 2005-01-01 00:00:00  |w 2026-02-23